00420 2200157 4500001002100000005001500021035002000036245006700056100002000123300002800143260003500171082000800206084001400214020002200228990001200250INLIS00000000000161220250424104607 a0010-04250000281 aCara Praktis Membaca Kepribadian Orang Lain /cHarfi Muthia R.0 aHarfi Muthia R. a186 hlm ;c14 x 20,5 cm aYogyakarta :bChecklist,c2019 a100 a100 HAR c a978-602-5479-30-4 a0754720